000 00184 a2200097 4500
020 _a9788466620031
041 _aspa
100 _agrossman marc
245 _ael ojo majico
942 _cBK
999 _c10900
_d10900